000 00511nam a22001697a 4500
999 _c8726
_d8726
008 201211b ||||| |||| 00| 0 eng d
040 _aBMS College of Architecture
100 _aShetty, H Mohini
245 _aWater sports centre Goa
300 _a46p.
500 _a1BM11AT035
502 _8B,Arch
_NBMS College of Architecture, Visvesvaraya Technological University (VTU)
_aProject report
_d2015
650 _aSports
700 _aBhaghyalaxmi M
_eGuide
700 _aMadhuri Rao
_eGuide
942 _2ddc
_cTHE